000 01032nam a22003137a 4500
003 CHAP
005 20220817041828.0
008 971013s1969 r 10010 d
010 _a25862
011 _a26834
035 _a30935
040 _cCHAP
082 _a595.42
_bI5 1967
111 0 0 _aInternational Congress of Acarology. (
_n2
_d: 1967
_c: Sutton Bonington, England)
_959641
245 _aProceedings
260 _aBudapest :
_bAkadémiai Kiadó,
_c1969
300 _a652 p.
_b: ilus. ; gráfs
590 _aBATCH-UPD
_b10
_c20130110
_lUCH01
_h0247
590 _aBATCH-UPD
_b10
_c20130110
_lUCH01
_h1458
590 _aBATCH-UPD
_b10
_c20130409
_lUCH01
_h2317
590 _aBATCH-UPD
_b10
_c20130913
_lUCH01
_h1848
590 _aCONVERSION
_b10
_c20130109
_lUCH01
_h1315
650 1 4 _aAcaricidas.
_9404
650 1 4 _aÁcaros.
901 _aBK
942 _cLIBRO
949 _a595.42 I5 1967
_bBC
_cLIBRO
_d33724000371316
_eLIBRO
_fc.2
_h51788
_i30935
_si
949 _a595.42 I5 1967
_bBC
_cLIBRO
_d33724000371324
_eLIBRO
_h51787
_i30935
_si
999 _c25862
_d25862